Loading...
| Fine Arts - Classical Music | 0 | 6 | 0 | 0 | 60 | 80 | 109.33 | 1 | 3 |
| Literature - American Literature | 0 | 5 | 0 | 0 | 50 | 19 | 92.60 | 1 | 2 |
| Literature - British Literature | 0 | 4 | 0 | 0 | 40 | 115 | 130.25 | 0 | 0 |
| Fine Arts - Other Fine Arts | 0 | 2 | 0 | 0 | 20 | 43 | 64.50 | 1 | 2 |
| History - European History | 0 | 1 | 0 | 0 | 10 | 54 | 54.00 | 1 | 1 |
| History - American History | 0 | 1 | 0 | 1 | 10 | 110 | 110.00 | 0 | 0 |
| Literature - European Literature | 0 | 1 | 0 | 0 | 10 | 136 | 136.00 | 1 | 1 |
| Literature - World Literature | 0 | 1 | 1 | 0 | 5 | 147 | 147.00 | 0 | 0 |
| Fine Arts - Painting & Sculpture | 0 | 1 | 1 | 0 | 5 | 132 | 132.00 | 0 | 0 |